000 00686nam a2200289Ia 4500
005 20260324121631.0
008 008 260324s9999 xx 000 0 eng d
020 _a9781315890050
037 _aEBOOK
040 _aCRL
040 _beng
040 _cCRL
041 _2eng
041 _aeng
084 _qCRL
100 _aAudra Mitchell
_91163267
245 0 _aInternational Intervention in a Secular Age
245 0 _bRe-Enchanting Humanity?
260 _bTaylor and Francis
260 _c2014
365 _a
365 _b240
856 _uhttp://www.taylorfrancis.com/books/9781315890050
942 _cEBOOK
999 _c1755501
_d1755501